Pobreza y crisis en Venezuela /

Tallennettuna:
Bibliografiset tiedot
Päätekijä: Alvarado Chacín, Neritza
Aineistotyyppi: Teksti
Aiheet:
Tagit: Lisää tagi
Ei tageja, Lisää ensimmäinen tagi!

MARC

LEADER 00000 a a2200000 04500
001 7371
003
040
100 |a Alvarado Chacín, Neritza  
245 |a Pobreza y crisis en Venezuela /  |c Neritza Alvarado Chacín 
650 |a ASPECTOS SOCIALES  
650 |a POBREZA  
650 |a CRISIS ECONOMICA  
650 |a VENEZUELAIMAGINARIO SOCIAL  
773 |g volumen 3, número 5; páginas 83-94  
999 |c 30245  |d 30245